| 000 | 00546nam a2200205Ia 4500 | ||
|---|---|---|---|
| 005 | 20250508154125.0 | ||
| 008 | 008 250505s9999 xx 000 0 hin d | ||
| 037 | _aTextual | ||
| 040 |
_aFEDL _beng _cFEDL |
||
| 041 |
_ahin _2hin |
||
| 084 |
_a331, MYE _qFEDL |
||
| 100 | _aMyers James | ||
| 245 | 0 | _aAmerica mein sharam-vyavastha | |
| 260 |
_aAllahabad, India _bJay Bharti _c1956 |
||
| 300 | _a232p. | ||
| 650 | _aEconomics | ||
| 700 |
_a Laidler Harry W. _9765094 |
||
| 942 |
_cTEXL _h331, MYE |
||
| 999 |
_c1347826 _d1347826 |
||